00686nam a2200241 a 4500001001300000003000900013005001700022008004100039020000900080082001500089100002100104245003900125260003500164300000900199500003500208505001000243650002600253700002100279902000800300942000700308952011400315999001500429nice12345678IN_TiNIC20260116012701.0050524s1979 illa grp 000 0 eng  ac2500a232.8bGRO aGrogan, Geoffrey aWhat the Bible Teaches About Jesus aIllinoisbTyndale House c1979 a136p aincludes index and biblioraphy2 aIndex aJesus Christ-Divinity1 aGrogan, Geoffrey bSRS cBK 001040708StackRoom-aHMIbHMId2007-06-18g25.00l0o232.8 GROp011368r2007-06-18v25.00w2005-05-24yBK c7939d7939